| 000 | 00355nam a2200133Ia 4500 | ||
|---|---|---|---|
| 005 | 20251222141815.0 | ||
| 008 | 251222s9999||||xx |||||||||||||| ||spa|| | ||
| 020 | _a978-84-313-2822-1 | ||
| 082 | _a155.6/S26 | ||
| 100 | _aSarráis, Fernando | ||
| 245 | 0 | _aAnálisis Psicológico del Hombre | |
| 264 | _bFondo Editorial Universidad de Navarra | ||
| 942 | _cLIB | ||
| 999 |
_c6596 _d6596 |
||